Pays d'Afrique et disciplines olympiques... - Statistiques

Statistiques générales
  • Ce quiz a été pris 31 fois
  • Le résultat moyen est 23 sur 45
Statistiques - réponses
Hint Réponse % Correct
Titre olympique Athlétisme Afrique-du-Sud | Algérie | Burundi | Cameroun | Ethiopie | Kenya | Maroc | Mozambique | Nigeria | Ouganda | Tunisie
100%
Titre olympique Boxe Afrique-du-Sud | Algérie | Kenya
74%
Titre olympique Natation Afrique-du-Sud | Tunisie | Zimbabwe
74%
Titre olympique Football Nigeria | Cameroun
74%
Titre olympique Cyclisme Afrique-du-Sud
71%
Titre olympique Tennis Afrique-du-Sud
71%
Titre olympique Aviron Afrique-du-Sud
68%
Titre olympique Haltérophilie Egypte | Cameroun
68%
Médaille d'argent Athlétisme Afrique-du-Sud | Algérie | Botswana | Burundi | Côte d'ivoire | Erythrée | Ethiopie | Kenya | Maroc | Namibie | Nigeria | Ouganda | Sénégal | Soudan | Tunisie | Zambie
61%
Médaille d'argent Natation Afrique-du-Sud | Zimbabwe
58%
Médaille de bronze Athlétisme Afrique-du-Sud | Algérie | Botswana | Burkina Faso | Djibouti | Ethiopie | Kenya | Maroc | Mozambique | Nigeria | Ouganda | Tunisie
55%
Médaille de bronze Natation Afrique-du-Sud | Tunisie | Zimbabwe
55%
Médaille de bronze Aviron Afrique-du-Sud
52%
Médaille de bronze Rugby Afrique-du-Sud
52%
Médaille d'argent Tennis Afrique-du-Sud
52%
Médaille de bronze Tennis Afrique-du-Sud
52%
Médaille d'argent Tir Afrique-du-Sud
52%
Médaille de bronze Tir Afrique-du-Sud
52%
Médaille de bronze Triathlon Afrique-du-Sud
52%
Médaille de bronze Boxe Afrique-du-Sud | Algérie | Cameroun | Boxe | Egypte | Ghana | Kenya | Maroc | Maurice | Niger | Nigeria | Ouganda | Tunisie | Zambie
52%
Médaille d'argent Boxe Afrique-du-Sud | Cameroun | Egypte | Ghana | Kenya | Nigeria | Ouganda
52%
Médaille d'argent Football Nigeria
52%
Médaille d'argent Aviron Afrique-du-Sud
48%
Médaille d'argent Cyclisme Afrique-du-Sud
48%
Médaille de bronze Canoë-Kayak Afrique-du-Sud | Togo
48%
Médaille de bronze Haltérophilie Egypte | Nigeria
48%
Médaille de bronze Cyclisme Afrique-du-Sud
45%
Médaille de bronze Judo Algérie | Egypte
45%
Médaille d'argent Haltérophilie Egypte
45%
Titre olympique Karaté Egypte
45%
Médaille de bronze Karaté Egypte
45%
Titre olympique Lutte Egypte
45%
Médaille de bronze Taekwondo Egypte | Côte d'ivoire | Nigeria | Tunisie
45%
Médaille de bronze Lutte Egypte | Tunisie
45%
Médaille d'argent Escrime Egypte
42%
Médaille d'argent Lutte Egypte
42%
Médaille d'argent Pentathlon moderne Egypte
42%
Médaille d'argent Plongeon Egypte
42%
Médaille de bronze Football Ghana
42%
Médaille d'argent Judo Algérie
39%
Titre olympique Taekwondo Côte d'ivoire
39%
Médaille de bronze Plongeon Egypte
39%
Médaille d'argent Taekwondo Gabon | Niger | Tunisie
39%
Médaille de bronze Escrime Tunisie
39%
Titre olympique Hockey sur gazon Zimbabwe
29%
Aucun quiz correspondant
Distribution des résultats
% des personnes avec chaque résultat
Percentile par nombre de réponses
Votre historique - résultats
Vous n’avez pas pris ce quiz